[Event "BCF-chT4a 0405 (4NCL)"]
[Site "Telford"]
[Date "2005.04.17"]
[Round "8.4"]
[White "Dodwell, Philip"]
[Black "Rea, Willie"]
[Result "1-0"]
[WhiteElo "2100"]
[BlackElo "1920"]
[PlyCount "51"]
[EventDate "2004.11.06"]
[EventType "team"]
[EventRounds "11"]
[EventCountry "ENG"]
[SourceTitle "EXT 2006"]
[Source "ChessBase"]
[SourceDate "2005.11.24"]
[SourceVersion "1"]
[SourceVersionDate "2005.11.24"]
[SourceQuality "1"]
[WhiteTeam "Gloucestershire Gambits"]
[BlackTeam "The ADS"]
[WhiteTeamCountry "ENG"]
[BlackTeamCountry "ENG"]

1. e4 e5 2. f4 d6 3. Bc4 Nc6 4. d3 Nf6 5. Nf3 h6 6. f5 Bd7 7. Nc3 Na5 8. Qe2 Nxc4 9. dxc4 c6 10. Be3 Qc7 11. 0-0 Be7 12. Rad1 b6 13. Kh1 Ng4 14. Bg1 h5 15. a4 a5 16. Rd3 Nh6 17. Rfd1 0-0-0 18. Nd5 cxd5 19. cxd5 Qb7 20. Rb3 b5 21. axb5 Kb8 22. Ra1 Rc8 23. Rxa5 Bd8 24. b6 Rc5 25. Ra7 Ra5 26. Rxa5 1-0

[Event "BCF-chT4a 0405 (4NCL)"]
[Site "Telford"]
[Date "2004.11.06"]
[Round "1.3"]
[White "Low, Ying Min"]
[Black "Rea, Willie"]
[Result "1/2-1/2"]
[WhiteElo "2025"]
[BlackElo "1920"]
[PlyCount "91"]
[EventDate "2004.11.06"]
[EventType "team"]
[EventRounds "11"]
[EventCountry "ENG"]
[SourceTitle "EXT 2006"]
[Source "ChessBase"]
[SourceDate "2005.11.24"]
[SourceVersion "1"]
[SourceVersionDate "2005.11.24"]
[SourceQuality "1"]
[WhiteTeam "Cambridge II"]
[BlackTeam "The ADS"]
[WhiteTeamCountry "ENG"]
[BlackTeamCountry "ENG"]

1. d4 d5 2. c4 e6 3. Nc3 Nf6 4. cxd5 exd5 5. Bg5 Be7 6. e3 c6 7. Qc2 h6 8. Bh4 Be6 9. Bd3 Na6 10. Bxa6 bxa6 11. Nf3 Nd7 12. Bxe7 Qxe7 13. h3 0-0 14. 0-0 Rab8 15. b3 Qf6 16. Qe2 c5 17. Rac1 Rfc8 18. Qxa6 c4 19. Nd2 Nb6 20. bxc4 Nxc4 21. Nxc4 Rxc4 22. Ne2 Rcb4 23. Nf4 Qe7 24. Nxe6 fxe6 25. Rc8+ Rxc8 26. Qxc8+ Kh7 27. Qc2+ g6 28. Qd2 Qb7 29. Rc1 Rc4 30. g3 Qc7 31. Rxc4 dxc4 32. Qc3 Qc6 33. Qc2 c3 34. h4 Kg7 35. Kf1 a5 36. Ke1 Qc4 37. a3 a4 38. g4 Kf6 39. h5 g5 40. Qg6+ Ke7 41. Qg7+ Kd6 42. Qf8+ Kd7 43. Qf7+ Kc6 44. Qe8+ Kb7 45. Qd7+ Kb6 46. Qd6+ 1/2-1/2

[Event "BCF-chT4 0304 (4NCL)"]
[Site "West Bromwich "]
[Date "2004.03.27"]
[Round "5.1"]
[White "Bullock, Andrew"]
[Black "Rea, Willie"]
[Result "1/2-1/2"]
[WhiteElo "1672"]
[BlackElo "1696"]
[PlyCount "135"]
[EventDate "2003.10.??"]
[EventType "team"]
[EventRounds "11"]
[EventCountry "ENG"]
[SourceTitle "EXT 2005"]
[Source "ChessBase"]
[SourceDate "2004.11.15"]
[SourceVersion "1"]
[SourceVersionDate "2004.11.15"]
[SourceQuality "1"]
[WhiteTeam "Hilsmark Kingfisher III"]
[BlackTeam "The ADS III"]
[WhiteTeamCountry "ENG"]
[BlackTeamCountry "ENG"]

1. c4 e5 2. g3 Bc5 3. Bg2 d6 4. Nc3 Nf6 5. d3 c6 6. Rb1 a5 7. a3 Na6 8. Nf3 Ng4 9. Ne4 Ba7 10. 0-0 h6 11. b4 f5 12. Nc3 Bd7 13. b5 Nc5 14. e3 0-0 15. d4 Ne4 16. Nxe4 fxe4 17. Nd2 d5 18. h3 Nxf2 19. Rxf2 Rxf2 20. Kxf2 exd4 21. exd4 Bxd4+ 22. Ke2 Qg5 23. Nf1 Qh5+ 24. Ke1 Bf2+ 25. Kd2 e3+ 26. Nxe3 Bxe3+ 27. Ke1 Bf2+ 28. Kd2 Qg5+ 29. Ke2 Qxg3 30. Bxd5+ Kh8 31. Be4 Bxh3 32. Qd3 Bg4+ 33. Kd2 Qxd3+ 34. Kxd3 Rd8+ 35. Kc3 Be1+ 36. Kc2 Bd1+ 37. Kb2 Rd4 38. bxc6 bxc6 39. Bg6 Rg4 40. Bxh6 Rg2+ 41. Kc1 gxh6 42. Kxd1 Rxg6 43. Rb8+ Rg8 44. Rb6 Rg1 45. Rxc6 Kg7 46. Ke2 h5 47. Rc7+ Kf6 48. Rh7 Kg6 49. Rh8 Bc3 50. Rb8 Bd4 51. Rg8+ Kf5 52. Ra8 Bc3 53. c5 Rg6 54. Kd3 Be1 55. Ke2 Rc6 56. Kd3 Ke5 57. Kc4 h4 58. Rh8 Bf2 59. Kb5 Rg6 60. Rh5+ Kf4 61. c6 Rg8 62. Kxa5 Rb8 63. Rh7 Kg4 64. Rg7+ Kf3 65. Rh7 Kg2 66. c7 Rc8 67. Ka6 Bg3 68. Rxh4 1/2-1/2

[Event "BCF-chT4 0304 (4NCL)"]
[Site "West Bromwich "]
[Date "2003.11.23"]
[Round "2.1"]
[White "Rea, Willie"]
[Black "Varnam, Liam"]
[Result "0-1"]
[WhiteElo "1696"]
[BlackElo "2066"]
[PlyCount "72"]
[EventDate "2003.10.??"]
[EventType "team"]
[EventRounds "11"]
[EventCountry "ENG"]
[SourceTitle "EXT 2005"]
[Source "ChessBase"]
[SourceDate "2004.11.15"]
[SourceVersion "1"]
[SourceVersionDate "2004.11.15"]
[SourceQuality "1"]
[WhiteTeam "The ADS III"]
[BlackTeam "Slough III"]
[WhiteTeamCountry "ENG"]
[BlackTeamCountry "ENG"]

1. e4 e5 2. Nf3 Nc6 3. Bc4 Nf6 4. d3 Be7 5. c3 0-0 6. Bg5 d6 7. Nbd2 Na5 8. Bb5 a6 9. Ba4 b5 10. Bc2 c5 11. b3 Bg4 12. a3 Rc8 13. h3 Be6 14. d4 exd4 15. cxd4 c4 16. d5 Bd7 17. b4 Nb7 18. Nd4 Nxd5 19. Bxe7 Nxe7 20. Qf3 Nc6 21. Qc3 Nxd4 22. Qxd4 Be6 23. 0-0-0 a5 24. f4 axb4 25. axb4 c3 26. Nf3 Rc4 27. Qd3 Qa8 28. Rdf1 Qa1+ 29. Bb1 Qb2+ 30. Kd1 c2+ 31. Bxc2 Rxc2 32. Nd2 Rc1+ 33. Ke2 Rxf1 34. Kxf1 Qc1+ 35. Kf2 Qxh1 36. Nf1 Bc4 0-1

[Event "BCF-chT4 0203 fin (4NCL)"]
[Site "Telford"]
[Date "2003.05.25"]
[Round "10.4"]
[White "Ogunshola, Ben"]
[Black "Rea, Willie"]
[Result "1-0"]
[WhiteElo "2164"]
[BlackElo "1656"]
[PlyCount "77"]
[EventDate "2003.04.??"]
[EventType "team"]
[EventRounds "3"]
[EventCountry "ENG"]
[SourceTitle "EXT 2004"]
[Source "ChessBase"]
[SourceDate "2003.11.25"]
[SourceVersion "1"]
[SourceVersionDate "2003.11.25"]
[SourceQuality "1"]
[WhiteTeam "Hilsmark Kingfisher"]
[BlackTeam "The ADS III"]
[WhiteTeamCountry "ENG"]
[BlackTeamCountry "ENG"]

1. c4 e5 2. Nc3 Nc6 3. g3 Bc5 4. Bg2 Nge7 5. a3 a5 6. b3 d6 7. d3 0-0 8. e3 Qe8 9. Bb2 f6 10. Nge2 Bg4 11. h3 Bh5 12. 0-0 Rb8 13. Qd2 Nd8 14. Rae1 c6 15. Ne4 Ne6 16. d4 f5 17. Nxc5 dxc5 18. dxe5 b6 19. f4 h6 20. Qc2 Qf7 21. Rd1 Rfd8 22. Rd6 Rbc8 23. Rfd1 Kf8 24. R1d3 Ke8 25. Nc3 g5 26. Qd2 gxf4 27. gxf4 Qg8 28. Kh2 Bf7 29. Na4 Rb8 30. Rxd8+ Nxd8 31. Nxb6 Be6 32. Bf3 Qg6 33. Qd1 Nf7 34. Bh5 Qg7 35. Rd6 Bd5 36. cxd5 Rxb6 37. dxc6 Nxc6 38. Rd7 Ncxe5 39. Bxe5 1-0

[Event "BCF-chT2 0203 (4NCL)"]
[Site "West Bromwich"]
[Date "2003.05.03"]
[Round "9.7"]
[White "Rea, Willie"]
[Black "Grigoryan, Meri"]
[Result "0-1"]
[WhiteElo "1656"]
[BlackElo "2023"]
[PlyCount "40"]
[EventDate "2002.11.??"]
[EventType "team"]
[EventRounds "11"]
[EventCountry "ENG"]
[SourceTitle "EXT 2004"]
[Source "ChessBase"]
[SourceDate "2003.11.25"]
[SourceVersion "1"]
[SourceVersionDate "2003.11.25"]
[SourceQuality "1"]
[WhiteTeam "The ADS II"]
[BlackTeam "Kings Head"]
[WhiteTeamCountry "ENG"]
[BlackTeamCountry "ENG"]

1. e4 e5 2. Nf3 Nc6 3. Bc4 Nf6 4. d3 d5 5. exd5 Nxd5 6. Nc3 Nxc3 7. bxc3 Bc5 8. 0-0 0-0 9. Be3 Bd6 10. d4 Bg4 11. d5 e4 12. dxc6 exf3 13. g3 bxc6 14. Qd4 Qd7 15. Rfd1 Qf5 16. Bd3 Qh5 17. Bf4 Bc5 18. Qe4 Rae8 19. Qxc6 Bxf2+ 20. Kh1 Bxg3 0-1

[Event "BCF-chT4 0203 (4NCL)"]
[Site "Telford"]
[Date "2003.04.12"]
[Round "7.2"]
[White "Savage, Ben D"]
[Black "Rea, Willie"]
[Result "1-0"]
[WhiteElo "2182"]
[BlackElo "1656"]
[PlyCount "109"]
[EventDate "2002.11.??"]
[EventType "team"]
[EventRounds "7"]
[EventCountry "ENG"]
[SourceTitle "EXT 2004"]
[Source "ChessBase"]
[SourceDate "2003.11.25"]
[SourceVersion "1"]
[SourceVersionDate "2003.11.25"]
[SourceQuality "1"]
[WhiteTeam "Wood Green III"]
[BlackTeam "The ADS III"]
[WhiteTeamCountry "ENG"]
[BlackTeamCountry "ENG"]

1. d4 d5 2. Nf3 Nf6 3. e3 c6 4. Bd3 Bg4 5. b3 Nbd7 6. Bb2 Ne4 7. Nbd2 Nxd2 8. Qxd2 Bxf3 9. gxf3 e6 10. c4 a5 11. a3 Nf6 12. Rc1 g6 13. Qc2 Bh6 14. f4 Ng4 15. h4 f5 16. Be2 Nf6 17. Bf3 Ne4 18. Bxe4 fxe4 19. Qd1 Qf6 20. Qg4 Qf5 21. Rg1 Qxg4 22. Rxg4 Kf7 23. Kd2 Bf8 24. Rcg1 Rg8 25. h5 a4 26. hxg6+ Rxg6 27. Rxg6 hxg6 28. Kc2 axb3+ 29. Kxb3 dxc4+ 30. Kxc4 Bxa3 31. Ra1 b5+ 32. Kb3 b4 33. Bxa3 bxa3 34. Rxa3 Rxa3+ 35. Kxa3 Ke7 36. Kb4 Kd7 37. Ka5 Kd6 38. Kb6 Kd5 39. Kc7 c5 40. dxc5 Kxc5 41. Kd7 Kd5 42. Ke7 e5 43. Kf6 exf4 44. exf4 Kd4 45. Kxg6 Kd3 46. f5 Ke2 47. f6 Kxf2 48. f7 e3 49. f8Q+ Ke1 50. Qb4+ Ke2 51. Kf5 Kf2 52. Qf4+ Ke2 53. Ke4 Kd2 54. Qxe3+ Kd1 55. Qf2 1-0

[Event "BCF-chT4 0203 (4NCL)"]
[Site "Telford"]
[Date "2003.03.09"]
[Round "6.4"]
[White "Rea, Willie"]
[Black "Djabri, Zafer M"]
[Result "0-1"]
[WhiteElo "1656"]
[BlackElo "1864"]
[PlyCount "64"]
[EventDate "2002.11.??"]
[EventType "team"]
[EventRounds "7"]
[EventCountry "ENG"]
[SourceTitle "EXT 2004"]
[Source "ChessBase"]
[SourceDate "2003.11.25"]
[SourceVersion "1"]
[SourceVersionDate "2003.11.25"]
[SourceQuality "1"]
[WhiteTeam "The ADS III"]
[BlackTeam "Metropolitan"]
[WhiteTeamCountry "ENG"]
[BlackTeamCountry "ENG"]

1. e4 c5 2. Nf3 Nc6 3. d4 cxd4 4. Nxd4 Nf6 5. Nxc6 bxc6 6. Nc3 e6 7. Bd3 Bb4 8. Bd2 d5 9. 0-0 0-0 10. e5 Nd7 11. f4 Nc5 12. Kh1 Nxd3 13. cxd3 Ba6 14. Rf3 Be7 15. Rh3 g6 16. g4 f6 17. exf6 Bxf6 18. Qe2 Qd6 19. Re1 Rae8 20. g5 Bh8 21. Qg4 e5 22. Qh4 Qc7 23. Ne2 Bc8 24. Re3 e4 25. d4 Ba6 26. Bb4 Rf7 27. Bc5 Bxe2 28. R1xe2 Rxf4 29. Qh3 Qf7 30. Ra3 Ra8 31. Qb3 Rf3 32. Qb4 Rxa3 0-1